Loading...
| Religion | 0 | 2 | 0 | 0 | 20 | 115 | 120.50 | 0 | 0 | 1.56 | 6.06 |
| Geography | 0 | 2 | 0 | 1 | 20 | 112 | 114.00 | 0 | 1 | 7.89 | 16.67 |
| History - World | 0 | 2 | 1 | 0 | 15 | 85 | 106.50 | 0 | 2 | 2.69 | 9.09 |
| Fine Arts - Other | 0 | 1 | 0 | 1 | 10 | 132 | 132.00 | 0 | 1 | 0.00 | 3.03 |
| History - American | 0 | 1 | 0 | 0 | 10 | 110 | 110.00 | 0 | 0 | 1.15 | 3.03 |
| History - Other | 0 | 1 | 0 | 0 | 10 | 136 | 136.00 | 0 | 1 | 0.13 | 3.03 |
| Literature - American | 0 | 1 | 0 | 0 | 10 | 145 | 145.00 | 0 | 0 | 0.00 | 1.52 |
| Literature - World | 0 | 1 | 0 | 0 | 10 | 132 | 132.00 | 0 | 0 | 0.14 | 1.52 |
| Pop Culture | 0 | 1 | 0 | 0 | 10 | 75 | 75.00 | 0 | 0 | 15.22 | 16.67 |
| Science - Biology | 0 | 1 | 0 | 0 | 10 | 115 | 115.00 | 0 | 0 | 0.23 | 1.52 |
| History - European | 0 | 1 | 1 | 0 | 5 | 128 | 128.00 | 0 | 0 | 0.60 | 1.52 |
| Social Science | 0 | 0 | 0 | 0 | 0 | 0.00 | 0 | 0 | 0.00 | 0.00 | |
| Fine Arts - Painting and Sculpture | 0 | 0 | 0 | 0 | 0 | 0.00 | 0 | 0 | 0.00 | 0.00 | |
| Philosophy | 0 | 0 | 1 | 0 | -5 | 0.00 | 0 | 0 | 0.00 | 0.00 |